Krizový management hrozby, krize, příležitosti
Gespeichert in:
| 1. Verfasser: | |
|---|---|
| Format: | Buch |
| Sprache: | Tschechisch |
| Veröffentlicht: |
Praha
Wolters Kluwer ČR
2009
|
| Schlagworte: | |
| Tags: |
Keine Tags, Fügen Sie das erste Tag hinzu!
|
MARC
| LEADER | 00000nam a2200000 4500 | ||
|---|---|---|---|
| 001 | 0121179 | ||
| 005 | 20240313085949.2 | ||
| 020 | |a 978-80-7357-488-8 | ||
| 041 | 0 | |a cze | |
| 044 | |a CZ | ||
| 245 | 1 | 0 | |a Krizový management |b hrozby, krize, příležitosti |c Emil Antušák |
| 264 | 1 | |a Praha |b Wolters Kluwer ČR |c 2009 | |
| 300 | |a 395 s. | ||
| 610 | 2 | 0 | |a manažment krízový |
| 610 | 2 | 0 | |a kríza |
| 610 | 2 | 0 | |a komunikácia |
| 610 | 2 | 0 | |a etika |
| 610 | 2 | 0 | |a etika podnikateľská |
| 610 | 2 | 0 | |a etika podniková |
| 610 | 2 | 0 | |a kódexy etické |
| 100 | 1 | |a Antušák, Emil | |